Samay ke talghar me shabd/ (Record no. 145372)

000 -LEADER
fixed length control field 00394nam a22001577a 4500
020 ## - INTERNATIONAL STANDARD BOOK NUMBER
ISBN 9789387187238
082 ## - DEWEY DECIMAL CLASSIFICATION NUMBER
Classification number H4
Item number SUD/S
100 ## - MAIN ENTRY--AUTHOR NAME
Personal name Sudhir Vidyarthi
245 ## - TITLE STATEMENT
Title Samay ke talghar me shabd/
Statement of responsibility, etc by Sudhir Vidyarthi
260 ## - PUBLICATION, DISTRIBUTION, ETC. (IMPRINT)
Place of publication Delhi:
Name of publisher Nayi Kithab Prakashan,
Year of publication 2018.
300 ## - PHYSICAL DESCRIPTION
Number of Pages 168p.
650 ## - SUBJECT ADDED ENTRY--TOPICAL TERM
Topical Term Essays Hindi
650 ## - SUBJECT ADDED ENTRY--TOPICAL TERM
Topical Term Literature Hindi
650 ## - SUBJECT ADDED ENTRY--TOPICAL TERM
Topical Term Literature
942 ## - ADDED ENTRY ELEMENTS (KOHA)
Koha item type Book
Holdings
Withdrawn status Lost status Damaged status Not for loan Permanent Location Current Location Shelving location Date acquired Cost, normal purchase price Full call number Accession Number Price effective from Koha item type
        Sree Sankaracharya University of Sanskrit Sree Sankaracharya University of Sanskrit Stacks 09.10.2020 350.00 H4 SUD/S 100581 09.10.2020 Book